000 00533nam a2200205Ia 4500
005 20250505145739.0
008 008 250505s9999 xx 000 0 eng d
037 _aTextbook
040 _aFML
_beng
_cFML
041 _aeng
_2eng
084 _aNR4413 P6
_qFML
100 _aKrishna, Lalita Rama
245 0 _aAesthetics Of Karnatak Music
260 _aDelhi
_bB.R. Phythm
_c2016
300 _a151p
365 _aINR
_b800
650 _aMusic
942 _cTB
_hNR4413 P6
999 _c1311743
_d1311743